Samospráva si upevnila pozície
Správa o činnosti Združenia miest a obcí Slovenska (ZMOS), ktorá charakterizuje rok pred komunálnymi voľbami. Fiškálna decentralizácia - dominantná téma. Kritika daňovej legislatívy. Potreba dobrých a spravodlivých zákonov. Niektoré normy treba spätne prehodnotiť. Spolupráca so štátnou správou. Škol...
Salvato in:
| Autore principale: | |
|---|---|
| Natura: | Capitolo di libro |
| Lingua: | slovacco |
| Soggetti: | |
| Tags: |
Nessun Tag, puoi essere il primo ad aggiungerne!!
|
MARC
| LEADER | 00000naa$a2200000$$$4500 | ||
|---|---|---|---|
| 001 | 0042726 | ||
| 005 | 20231016084946.4 | ||
| 041 | 0 | |a slo | |
| 044 | |a SK | ||
| 245 | 1 | 0 | |a Samospráva si upevnila pozície |c Michal Sýkora |
| 520 | |a Správa o činnosti Združenia miest a obcí Slovenska (ZMOS), ktorá charakterizuje rok pred komunálnymi voľbami. Fiškálna decentralizácia - dominantná téma. Kritika daňovej legislatívy. Potreba dobrých a spravodlivých zákonov. Niektoré normy treba spätne prehodnotiť. Spolupráca so štátnou správou. Školstvo skúškou samosprávy i štátnej správy. Odmeňovanie samosprávy a jej kompetencie. Voľby neznamenajú zmenu trendu. | ||
| 610 | 2 | 0 | |a samospráva |
| 610 | 2 | 0 | |a hospodárenie finančné |
| 610 | 2 | 0 | |a decentralizácia |
| 610 | 2 | 0 | |a dane |
| 610 | 2 | 0 | |a legislatíva |
| 610 | 2 | 0 | |a zákony |
| 610 | 2 | 0 | |a normy |
| 610 | 2 | 0 | |a školstvo |
| 610 | 2 | 0 | |a odmeňovanie |
| 610 | 2 | 0 | |a kompetencie |
| 100 | 1 | |a Sýkora, Michal | |